000 00418nam a2200145Ia 4500
008 100122s9999 xx 000 0 und d
082 _b15903
_a822
100 _aमतकरी रत्नाकर
245 _aबारा पस्तीस
260 _bवि.र.बाम
_c1961
300 _a27
630 _aबारा पस्तीस
730 _aबारा पस्तीस
942 _cBOOK
999 _c406035
_d406032